| 000 | 01202nam a2200277Ia 4500 | ||
|---|---|---|---|
| 999 |
_c39793 _d39793 |
||
| 001 | 6398 | ||
| 003 | GE_BSU | ||
| 005 | 20191111173710.0 | ||
| 008 | 181216s2009||||ge |||||||||||||| ||geo|| | ||
| 020 | _a9789941006753 | ||
| 040 | _cGE_BSU | ||
| 041 | _ageo | ||
| 080 | _a371.134+37.02 ჯ-25 | ||
| 100 |
_aჯანაშია, ნათია _92595 |
||
| 245 |
_aგანვითარებისა და სწავლის თეორიები / _cავტ.: ნათია ჯანაშია, ნათელა იმედაძე, სოფიო გორგოძე. |
||
| 264 |
_aთბილისი : _c2009. |
||
| 300 |
_a216 გვ. ; _b21 სმ. |
||
| 504 | _a ბიბლიოგრ.: გვ. 213-214. | ||
| 541 | _h8ლ. | ||
| 653 | _a მასწავლებლების პროფესიული მომზადება | ||
| 653 | _aსწავლების მეთოდიკა | ||
| 653 | _aაღზრდის მეთოდიკა | ||
| 700 |
_aიმედაძე, ნათელა _eავტორი _92596 |
||
| 700 |
_aგორგოძე, სოფიო _eავტორი _9891 |
||
| 942 |
_cBK _2udc |
||